Turkish Journal of Earth Sciences

Dettagli Bibliografici
Natura: Elettronico Periodico
Lingua:English
Pubblicazione: Scientific & Technical Research Council of Turkey
Accesso online:Full text available on EBSCOhost[Aug 2002-]
Off-campus access
LEADER 00963cas a2200181 a 4500
001 AALejournalEBSCOASP005299
008 230101c9999 xx r poo 0 0eng d
022 |a 1300-0985 
040 |a BD-DhAAL  |c BD-DhAAL 
245 0 0 |h [electronic resource]  |a Turkish Journal of Earth Sciences 
260 |b Scientific & Technical Research Council of Turkey 
300 |a 1 online resource 
500 |a <strong>Off-Campus Access:</strong> Athens ID and Password Required 
500 |a <strong>On-Campus Access:</strong> No User ID or Password Required 
506 |a Electronic access restricted to authorized BRAC University faculty, staff and students 
538 |a Mode of access: Internet 
856 4 0 |z Full text available on EBSCOhost[Aug 2002-]  |u https://search.ebscohost.com/direct.asp?db=aph&jid=KDU&scope=site 
856 4 0 |z Off-campus access  |u https://go.openathens.net/redirector/bracu.ac.bd?url=https%3A%2F%2Fsearch.ebscohost.com%2Fdirect.asp%3Fdb%3Daph%26jid%3DKDU%26scope%3Dsite